Franchises de United Rugby Championship. - Statistiques

Statistiques générales
  • Ce quiz a été pris 154 fois
  • Le résultat moyen est 12 sur 16
Statistiques - réponses
Arrivée Franchises % Correct
2001 11982.png Leinster
97%
2001 11985.png Munster
93%
2001 11993.png Ulster
82%
2021 12194.png Sharks
81%
2003 11973.png Cardiff rugby
79%
2001 12655.png Glasgow Warriors
78%
2010 11970.png Benetton Trévise
77%
2001 11975.png Edimbourg
77%
2021 12114.png Bulls
75%
2012 38776.png Zebre
73%
2021 12120.png Stormers
72%
2001 22227.png Connacht
69%
2003 12659.png Ospreys
64%
2003 11983.png Scarlets
62%
2021 20980.png Lions
51%
2003 12658.png Dragons
48%
Aucun quiz correspondant
Distribution des résultats
% des personnes avec chaque résultat
Percentile par nombre de réponses
Votre historique - résultats
Vous n’avez pas pris ce quiz